000 00419pab a2200181 454500
008 180718b2012 xxu||||| |||| 00| 0 eng d
100 _aSloam, James
245 _aIntroduction: Youth, citizenship and politics
260 _c2012
300 _ap.4-12.
362 _aJan
650 _aCitizenship
650 _aNationality
650 _aYouth
773 _aParliamentary Affairs
908 _aN
909 _a96072
999 _c96072
_d96072